000
00225nam a22000857a 4500
008
161125b xxu||||| |||| 00| 0 eng d
100
_9
1439
_a
Holder. G
245
_a
Connections bible
260
_a
Bangalore
_b
Sadhana publication
_c
2004
999
_c
4163
_d
4163